01110nam a22002415i 450000100060000000300090000600500170001500700030003200800410003504000200007608000120009608000210010810000490012924502280017825000290040626000700043530000300050559400560053565100710059185200570066299900170071995201320073653791ES-MaACL20230906162830.0t|960708s1840 sp ||||1| spa d aCAM bspa cCAM a94(460) a94(460)"1568/70"1 aFernández-Guerra y Orbe, Aureliano.94983710aReflexiones sobre la rebelión de los moriscos y censo de poblaciónb: insertas en el "Boletín Oficial de Granada" y reimpresas de órden de la Excma. Diputación provincial / c[Aureliano Fernández-Guerra y Orbe]. aCorr. y aum. en esta ed. aGranada : b[s.n.], c1840 (fImprenta de Gómez y Compañía) aVI, 49, [6] p. ; c21 cm. aAutor (p. 49): Aureliano Fernández Guerra y Orbe. 4aEspaña-xHistoria-y1568-1570, Guerra de las Alpujarras.9149632 aES-MaACLjL-4904(11-6) z.- Enc. en un vol. facticio c53791d53791 001040708LIBXIXaATENEOMbATENEOMcDEPO2d2008-01-17eDONl0oL-4904(11-6)p1056530r2023-02-23 00:00:00w2023-02-23yMONANT